000 00849cam a22003137i 4500
001 17467918
003 OSt
005 20150625163724.0
008 120919s2013 maua 000 0 eng d
010 _a 2012949773
020 _a9780321893079 (pbk)
020 _a0321893077 (pbk)
035 _a(OCoLC)ocn813924575
040 _aSEKU
050 0 0 _aQA 11
_b.B3
100 1 _aBass, Alan,
_d1973-
245 1 0 _aMath study skills /
_cAlan Bass.
250 _a2nd edition.
264 1 _aBoston :
_bPearson,
_c[2013]
300 _a91 p. :
_bill.
650 0 _aMathematics
_xStudy and teaching.
650 0 _aMathematics
_vProblems, exercises, etc.
650 0 _aStudy skills.
650 7 _aMathematics.
650 7 _aMathematics
_xStudy and teaching.
650 7 _aStudy skills.
655 7 _aProblems, exercises, etc.
942 _2lcc
_cGEN
999 _c4388
_d4388